00659 2200265 4500001002100000005001500021035002000036007000300056008004100059020001800100082001000118084001600128100001800144245005200162250001000214260003700224300003500261500001400296650001400310504002500324990001100349990001100360990001100371990001100382INLIS00000000000559820200630103831 a0010-0320000166ta200630 g 0 ind  a602-8519-15-4 a796.1 a796.1 MOR p0 aMORENA, Cindo1 aPermainan Tradisional Indonesia /cMorena Cindo acet.1 aJakarta :bGhina Walafafa,c2010 aiv, 64 hlm. :bilus. ;c25 cm. aGlosarium 4aPERMAINAN aBibliografi : hlm.64 a7370 a a7370 b a7370 c a7370 d